000 00594nam a2200181 i 4500
001 131367
003 ES-MaACL
005 20230906193951.0
007 t|
008 070214s1916 sp r ||||1| spa d
047 _a1ª ed
100 1 _aRodríguez, José María
_c(profesor)
_998261
245 1 0 _aNociones de Geografía de Galicia /
_cJosé María Rodríguez.
260 _aPontevedra :
_b[s.n.],
_c1916 (
_fImp. La Correspondencia Gallega)
300 _a76 p. ;
_c17 cm.
651 4 _aGalicia-
_xGeografía.
_9157507
852 _aES-MaACL
_j1481-F-13
_z.- Ded. ms. del autor a Julio Cejador
999 _c131367
_d131367